[Event "Ogolnopolski Turniej Fianchetto"]
[Site "Jastrzebia Gora"]
[Date "2015.??.??"]
[Round "9.3"]
[White "Pioch, Zygmunt"]
[Black "Przybyl, Jozef"]
[Result "1-0"]
[WhiteElo "2057"]
[BlackElo "1801"]
[PlyCount "60"]
[EventDate "2015.??.??"]

1. e4 c5 2. Nf3 e6 3. d4 cxd4 4. Nxd4 a6 5. Bd3 Nf6 6. O-O Qc7 7. Qe2 d6 8. c4
Nc6 9. Nxc6 bxc6 10. Nc3 g6 11. Be3 Bg7 12. c5 O-O 13. cxd6 Qxd6 14. Rfd1 Qb8
15. Rac1 h5 16. h3 Nd7 17. Na4 Bb7 18. Bb1 Rd8 19. f4 Bh6 20. e5 Bf8 21. Qc4 a5
22. Bxg6 Ba6 23. Qc2 Nxe5 24. Rxd8 Qxd8 25. Bh7+ Kg7 26. fxe5 Bb5 27. Nc5 Qd5
28. Rd1 Bxc5 29. Bxc5 Qxa2 30. Be7 Ba4 1-0

[Event "Ogolnopolski Turniej Fianchetto"]
[Site "Jastrzebia Gora"]
[Date "2015.??.??"]
[Round "9.5"]
[White "Chojnowski, Marcin"]
[Black "Zarow, Zdzislaw"]
[Result "0-1"]
[WhiteElo "2033"]
[BlackElo "1901"]
[PlyCount "64"]
[EventDate "2015.??.??"]

1. e4 e5 2. Nf3 d6 3. d4 exd4 4. Nxd4 Be7 5. Nc3 c6 6. Be2 Nf6 7. a4 Nbd7 8.
O-O Nc5 9. Bf3 O-O 10. Bf4 Ne6 11. Be3 Qa5 12. Nf5 Qc7 13. Qd2 Nc5 14. Nxe7+
Qxe7 15. Bxc5 dxc5 16. Qf4 Re8 17. a5 Be6 18. Rfd1 Rad8 19. Qe3 Ng4 20. Bxg4
Bxg4 21. f3 Be6 22. Na4 c4 23. c3 f5 24. exf5 Bxf5 25. Qxe7 Rxd1+ 26. Rxd1 Rxe7
27. Rd4 Re5 28. Rxc4 Rxa5 29. Rd4 b6 30. b3 Bc2 31. Rb4 c5 32. Rh4 Bxb3 0-1

[Event "Ogolnopolski Turniej Fianchetto"]
[Site "Jastrzebia Gora"]
[Date "2015.??.??"]
[Round "9.7"]
[White "Mettel, Werner"]
[Black "Marczukiewicz, Jerzy"]
[Result "0-1"]
[WhiteElo "1824"]
[BlackElo "1932"]
[PlyCount "46"]
[EventDate "2015.??.??"]

1. e4 c5 2. Nc3 Nc6 3. f4 g6 4. Nf3 Bg7 5. Bc4 e6 6. O-O Nge7 7. Kh1 d5 8. exd5
exd5 9. Bb5 O-O 10. Bxc6 Nxc6 11. d3 Re8 12. Bd2 Bf5 13. Re1 Qd7 14. Rxe8+ Rxe8
15. Qf1 Nb4 16. Rc1 d4 17. Ne2 Nxc2 18. Ng3 Ne3 19. Bxe3 dxe3 20. Nxf5 Qxf5 21.
Qe2 Qxf4 22. Rxc5 Bxb2 23. Qxb2 e2 0-1

[Event "Ogolnopolski Turniej Fianchetto"]
[Site "Jastrzebia Gora"]
[Date "2015.??.??"]
[Round "9.8"]
[White "Czech, Mieczyslaw"]
[Black "Kubin, Aleksander"]
[Result "0-1"]
[WhiteElo "1860"]
[BlackElo "1812"]
[PlyCount "36"]
[EventDate "2015.??.??"]

1. c4 f5 2. d4 Nf6 3. Nc3 e6 4. Nf3 Bb4 5. Qc2 O-O 6. e3 b6 7. Be2 Bb7 8. O-O
Bxc3 9. Qxc3 Ne4 10. Qc2 Rf6 11. Nd2 Rh6 12. g3 Qh4 13. Nf3 Ng5 14. gxh4 Nxf3+
15. Bxf3 Rg6+ 16. Bg2 Rxg2+ 17. Kh1 Rxf2+ 18. Kg1 Rxc2 0-1

[Event "Ogolnopolski Turniej Fianchetto"]
[Site "Jastrzebia Gora"]
[Date "2015.??.??"]
[Round "9.9"]
[White "Winiarski, Kazimierz"]
[Black "Jagiela, Piotr"]
[Result "1-0"]
[WhiteElo "1934"]
[BlackElo "1696"]
[PlyCount "53"]
[EventDate "2015.??.??"]

1. e4 d6 2. d4 e5 3. Nf3 Qe7 4. Nc3 c6 5. Be2 Nf6 6. dxe5 dxe5 7. O-O g6 8. Bg5
Bg7 9. a3 a5 10. Qd2 h6 11. Bh4 Bg4 12. h3 Bxf3 13. Bxf3 g5 14. Bg3 Nbd7 15.
Rfd1 O-O 16. Qd6 Rfe8 17. Rd2 Nf8 18. Rad1 Ng6 19. Qxe7 Rxe7 20. Na4 Rae8 21.
Nb6 Nf4 22. Nd7 Kh7 23. Nxf6+ Bxf6 24. Bg4 Kg7 25. f3 Rh8 26. Bf2 Ne6 27. c3 {
....72} 1-0

[Event "Ogolnopolski Turniej Fianchetto"]
[Site "Jastrzebia Gora"]
[Date "2015.??.??"]
[Round "9.10"]
[White "Rogalski, Krzysztof"]
[Black "Matuszczyk, Krystian"]
[Result "1-0"]
[WhiteElo "1788"]
[BlackElo "1970"]
[PlyCount "65"]
[EventDate "2015.??.??"]

1. d4 Nf6 2. Nf3 g6 3. c4 Bg7 4. Nc3 d5 5. Bf4 c6 6. e3 O-O 7. Bd3 Nbd7 8. O-O
dxc4 9. Bxc4 Nb6 10. Bb3 Bg4 11. h3 Bf5 12. Qe2 Ne4 13. Rfd1 Nxc3 14. bxc3 Nd5
15. Bxd5 cxd5 16. c4 dxc4 17. Qxc4 Rc8 18. Qe2 Qd5 19. Rac1 Rxc1 20. Rxc1 Rc8
21. Rxc8+ Bxc8 22. e4 Qa5 23. Qc4 Qd8 24. d5 Bd7 25. e5 b5 26. Qc5 a6 27. Nd4
Bf8 28. d6 exd6 29. exd6 Qa8 30. Nb3 Qc8 31. Qxc8 Bxc8 32. Nc5 f6 33. d7 1-0

[Event "Ogolnopolski Turniej Fianchetto"]
[Site "Jastrzebia Gora"]
[Date "2015.??.??"]
[Round "9.11"]
[White "Olszewski, Jerzy"]
[Black "Krawcewicz, Lucyna"]
[Result "1/2-1/2"]
[WhiteElo "1681"]
[BlackElo "1874"]
[PlyCount "29"]
[EventDate "2015.??.??"]

1. e4 c5 2. g3 Nc6 3. Bg2 d6 4. Ne2 g6 5. d3 Bg7 6. Nbc3 Bd7 7. O-O a6 8. h3
Nd4 9. Nd5 e6 10. Ne3 Rb8 11. c3 Nxe2+ 12. Qxe2 b5 13. a3 a5 14. Kh2 Ne7 15. f4
1/2-1/2

[Event "Ogolnopolski Turniej Fianchetto"]
[Site "Jastrzebia Gora"]
[Date "2015.??.??"]
[Round "9.13"]
[White "Kondrusik, Aleksander"]
[Black "Schils, Heinz"]
[Result "0-1"]
[WhiteElo "1554"]
[BlackElo "1797"]
[PlyCount "32"]
[EventDate "2015.??.??"]

1. e4 c6 2. d4 d5 3. e5 Bf5 4. c3 e6 5. Be3 Nd7 6. Nd2 Ne7 7. Be2 c5 8. f4 Nc6
9. Ngf3 h6 10. O-O Be7 11. Re1 g5 12. Nf1 g4 13. N3d2 Bh4 14. g3 Be7 15. Bf2 h5
16. Ne3 Bg6 {...50} 0-1

[Event "Ogolnopolski Turniej Fianchetto"]
[Site "Jastrzebia Gora"]
[Date "2015.??.??"]
[Round "9.14"]
[White "Fojcik, Krzysztof"]
[Black "Wojcieszyn, Zdzislaw"]
[Result "1/2-1/2"]
[WhiteElo "1582"]
[BlackElo "1982"]
[PlyCount "33"]
[EventDate "2015.??.??"]

1. e4 c5 2. Nc3 Nc6 3. g3 g6 4. Bg2 Bg7 5. d3 e6 6. Be3 Nd4 7. f4 Ne7 8. Nf3
Nec6 9. Bf2 Qb6 10. Rb1 Qa5 11. O-O O-O 12. e5 f6 13. exf6 Bxf6 14. Ne4 Bg7 15.
c3 Nxf3+ 16. Bxf3 b6 17. a3 1/2-1/2

[Event "Ogolnopolski Turniej Fianchetto"]
[Site "Jastrzebia Gora"]
[Date "2015.??.??"]
[Round "9.16"]
[White "Woda, Janusz"]
[Black "Szydlowski, Wiktor"]
[Result "0-1"]
[WhiteElo "1588"]
[BlackElo "1787"]
[PlyCount "40"]
[EventDate "2015.??.??"]

1. b4 e5 2. Bb2 f6 3. b5 d5 4. e3 Be6 5. c4 dxc4 6. Qc2 Bd6 7. Bxc4 Qe7 8. Nf3
Nd7 9. a4 Nh6 10. h3 O-O 11. Qb3 Nc5 12. Bxe6+ Qxe6 13. Qxe6+ Nxe6 14. Ke2 Rfe8
15. Ba3 b6 16. Ra2 Re7 17. a5 Nf7 18. a6 g6 19. Rc2 e4 20. Bxd6 exf3+ 0-1

[Event "Ogolnopolski Turniej Fianchetto"]
[Site "Jastrzebia Gora"]
[Date "2015.??.??"]
[Round "9.17"]
[White "Karamucki, Henryk"]
[Black "Janocha, Jan"]
[Result "0-1"]
[WhiteElo "1422"]
[BlackElo "1736"]
[PlyCount "80"]
[EventDate "2015.??.??"]

1. b3 e5 2. Bb2 Nc6 3. e3 d5 4. c4 Nf6 5. cxd5 Nxd5 6. a3 Bd6 7. g3 O-O 8. Bg2
Be6 9. Nf3 f5 10. O-O f4 11. e4 Nde7 12. Qc2 Ng6 13. Nc3 a6 14. Ne2 Bg4 15.
Rac1 Qe7 16. h3 Bxf3 17. Bxf3 Bxa3 18. Qc4+ Kh8 19. Bxa3 Qxa3 20. d4 Rac8 21.
d5 Na5 22. Qa4 Qxb3 23. Qxb3 Nxb3 24. Rc2 c5 25. Bg4 Rb8 26. Rc3 Nd2 27. Rd1
Nxe4 28. Rc4 Nf6 29. Bf5 b6 30. d6 Nh5 31. g4 Nf6 32. f3 Rfd8 33. Rc2 Nh4 34.
Kf2 Nxf5 35. gxf5 g5 36. fxg6 hxg6 37. Rcd2 Kg7 38. Nc3 Kf7 39. Ne4 Nxe4+ 40.
fxe4 Rd7 0-1

[Event "Ogolnopolski Turniej Fianchetto"]
[Site "Jastrzebia Gora"]
[Date "2015.??.??"]
[Round "9.19"]
[White "Piasecki, Stanislaw"]
[Black "Krzystala, Henryk"]
[Result "1/2-1/2"]
[WhiteElo "1589"]
[BlackElo "1575"]
[PlyCount "65"]
[EventDate "2015.??.??"]

1. d4 e6 2. e4 d5 3. e5 c5 4. c3 c4 5. Nf3 Ne7 6. Na3 Ng6 7. Nc2 Be7 8. Be2 O-O
9. Be3 Nc6 10. Qd2 f6 11. exf6 Bxf6 12. Bg5 Qd6 13. Bxf6 Rxf6 14. O-O-O Bd7 15.
Rdf1 Raf8 16. Bd1 e5 17. dxe5 Ncxe5 18. Nb4 Be6 19. Nd4 a5 20. Nxe6 Qxe6 21.
Nc2 Nd3+ 22. Kb1 Qb6 23. Ne3 Rxf2 24. Be2 Ne7 25. Rxf2 Rxf2 26. Rf1 Rxf1+ 27.
Bxf1 a4 28. a3 Nf4 29. g3 Qg6+ 30. Qc2 Qxc2+ 31. Kxc2 Ne6 32. Bg2 b5 33. Bxd5
1/2-1/2

[Event "Ogolnopolski Turniej Fianchetto"]
[Site "Jastrzebia Gora"]
[Date "2015.??.??"]
[Round "9.20"]
[White "Gackowski, Marian"]
[Black "Wroblewski, Mieczyslaw"]
[Result "0-1"]
[WhiteElo "1223"]
[BlackElo "1773"]
[PlyCount "58"]
[EventDate "2015.??.??"]

1. d4 Nf6 2. Nf3 b6 3. e3 Bb7 4. c4 e6 5. Nc3 d5 6. Bd3 Be7 7. Bd2 Ne4 8. a3 c5
9. Qc2 Nxd2 10. Nxd2 cxd4 11. exd4 Nc6 12. cxd5 exd5 13. Nf3 h6 14. O-O-O O-O
15. h4 Qd6 16. Nb5 Qf6 17. Nc3 Qd6 18. Nb5 Qd8 19. g4 Rc8 20. Nc3 Na5 21. Ng5
Bxg5+ 22. hxg5 Qxg5+ 23. Kb1 Rc6 24. Rde1 Rfc8 25. Qe2 Re6 26. Qc2 Rce8 27.
Rxe6 Rxe6 28. Bf5 Re8 29. f3 Nc4 {...52} 0-1

[Event "Ogolnopolski Turniej Fianchetto"]
[Site "Jastrzebia Gora"]
[Date "2015.??.??"]
[Round "9.21"]
[White "Wojciechowski, Tomasz"]
[Black "Radwan, Jan"]
[Result "1-0"]
[WhiteElo "1265"]
[BlackElo "1592"]
[PlyCount "37"]
[EventDate "2015.??.??"]

1. e4 e6 2. d4 a6 3. Nf3 b5 4. b3 Bb7 5. Nbd2 Ne7 6. Bb2 Ng6 7. g3 Be7 8. Bg2
O-O 9. O-O c5 10. Qe2 cxd4 11. Nxd4 Bf6 12. Rfd1 Qc7 13. c4 bxc4 14. Nxc4 Ne5
15. Rac1 Nbc6 16. Nxc6 Bxc6 17. Ba3 Rfd8 18. Bd6 Qb7 19. Bxe5 1-0

[Event "Ogolnopolski Turniej Fianchetto"]
[Site "Jastrzebia Gora"]
[Date "2015.??.??"]
[Round "9.23"]
[White "Budnik, Kazimierz"]
[Black "Karolak, Jan"]
[Result "0-1"]
[WhiteElo "1250"]
[BlackElo "1832"]
[PlyCount "65"]
[EventDate "2015.??.??"]

1. e4 e5 2. Nf3 Bc5 3. c3 d6 4. d4 exd4 5. cxd4 Bb6 6. Be2 Qe7 7. O-O Nf6 8.
Bg5 h6 9. Bxf6 Qxf6 10. e5 dxe5 11. dxe5 Qe7 12. Nc3 c6 13. Bc4 O-O 14. Re1 Bg4
15. h3 Bh5 16. Qd3 Bg6 17. Qxg6 Bxf2+ 18. Kh1 Bxe1 19. Rxe1 Nd7 20. Qg3 Nb6 21.
Bb3 Rad8 22. Qg4 Nd5 23. a3 b5 24. Nh4 Qg5 25. Qxg5 hxg5 26. Nf5 Nxc3 27. bxc3
Rd3 28. Ne7+ Kh8 29. Nxc6 Rxc3 30. Bd5 Rc5 31. Bf3 a6 32. Nd4 Re8 33. Nb3 0-1

[Event "Ogolnopolski Turniej Fianchetto"]
[Site "Jastrzebia Gora"]
[Date "2015.??.??"]
[Round "9.24"]
[White "Szynwelski, Ryszard"]
[Black "Mackowiak, Bogusz"]
[Result "1-0"]
[WhiteElo "1275"]
[BlackElo "1435"]
[PlyCount "61"]
[EventDate "2015.??.??"]

1. e4 d6 2. d4 g6 3. Nf3 Bg7 4. c3 Nf6 5. Nbd2 O-O 6. Bc4 e6 7. O-O d5 8. Bd3
b6 9. Re1 Ba6 10. Bc2 Bb7 11. e5 Nfd7 12. Nf1 Nc6 13. Bg5 f6 14. exf6 Bxf6 15.
Qd2 Bxg5 16. Nxg5 Qf6 17. Nxe6 Rf7 18. Nxc7 Raf8 19. Re2 Na5 20. Bd3 Nc4 21.
Qc2 Qd6 22. Ne6 Re8 23. Ng5 Rxe2 24. Qxe2 Re7 25. Qc2 Nf8 26. h4 Qf4 27. g3 Qg4
28. Nh2 Qh5 29. Ngf3 h6 30. Re1 Rf7 31. g4 1-0

[Event "Ogolnopolski Turniej Fianchetto"]
[Site "Jastrzebia Gora"]
[Date "2015.??.??"]
[Round "9.25"]
[White "Grabarczyk, Edmund"]
[Black "Kopij, Jozef"]
[Result "1-0"]
[WhiteElo "1284"]
[BlackElo "1382"]
[PlyCount "76"]
[EventDate "2015.??.??"]

1. e4 d6 2. d4 b6 3. Nf3 Bb7 4. Bd3 Nf6 5. Nc3 Nbd7 6. O-O c5 7. dxc5 Nxc5 8.
Bb5+ Nfd7 9. Re1 a6 10. Bc4 Nf6 11. Nd5 Bxd5 12. Bxd5 Rc8 13. b4 Ncd7 14. c4 e6
15. Bb7 Rc7 16. Bxa6 Be7 17. Bf4 e5 18. Bg5 O-O 19. Bb5 h6 20. Bd2 Nh7 21. a4
f5 22. exf5 Rxf5 23. Bc3 Qf8 24. Re4 Ndf6 25. Re2 Ng5 26. Nxg5 Rxg5 27. a5 bxa5
28. Rxa5 Qd8 29. Qa1 Rc8 30. Ra7 Nh5 31. Rd7 Qf8 32. Qa7 Bf6 33. Rd2 Nf4 34. g3
e4 35. Bxf6 Qxf6 36. R2xd6 Qf8 37. Qb6 Ra8 38. Ba6 Nd3 {...93} 1-0

[Event "Ogolnopolski Turniej Fianchetto"]
[Site "Jastrzebia Gora"]
[Date "2015.??.??"]
[Round "9.28"]
[White "Jurkiewicz, Kazimierz"]
[Black "Nasalski, Leon"]
[Result "1-0"]
[WhiteElo "1336"]
[BlackElo "1141"]
[PlyCount "85"]
[EventDate "2015.??.??"]

1. d4 d5 2. Bf4 Nc6 3. e3 Bf5 4. a3 Nf6 5. h3 h6 6. Nf3 Be4 7. Nbd2 e6 8. c4
Bxf3 9. Qxf3 Qd7 10. c5 b6 11. b4 Be7 12. Qg3 Nh5 13. Qh2 Nxf4 14. Qxf4 O-O 15.
Be2 Bf6 16. h4 e5 17. Qg4 Qe8 18. Bb5 a6 19. Bxc6 Qxc6 20. O-O exd4 21. exd4
Qb7 22. Qd7 Bxd4 23. Rad1 Rfe8 24. Nb1 Rad8 25. Qg4 Bb2 26. Qf3 Rd7 27. Rfe1
Red8 28. Rd3 b5 29. Qg4 d4 30. Rg3 g6 31. h5 g5 32. Qf5 d3 33. Nd2 Bxa3 34. Qf6
Kh7 35. Nf3 Bxb4 36. Nxg5+ hxg5 37. Rxg5 Rg8 38. Qf5+ Kh8 39. Rxg8+ Kxg8 40.
Re8+ Kg7 41. Qe5+ f6 42. Qg3+ Kf7 43. Qg8# 1-0

[Event "Ogolnopolski Turniej Fianchetto"]
[Site "Jastrzebia Gora"]
[Date "2015.??.??"]
[Round "9.29"]
[White "Flis, Jozef"]
[Black "Pilecki, Jozef"]
[Result "1-0"]
[WhiteElo "1070"]
[BlackElo "1371"]
[PlyCount "32"]
[EventDate "2015.??.??"]

1. d4 d5 2. e3 f5 3. b3 e6 4. Bd3 Qd7 5. Qf3 Nh6 6. Ne2 Bd6 7. O-O Qf7 8. Bb2
c6 9. Nd2 Nd7 10. c4 Nf6 11. c5 Bc7 12. b4 Ne4 13. Bxe4 fxe4 14. Qh3 e5 15. Qh4
Nf5 16. Qg4 Nxd4 1-0